000 03631nab a2200337 i 4500
003 BR-BrBNA
005 20260326125033.0
008 260326b2019 bl.qr|pooa||| 00| 0 eng |
040 _aBR-BrBNA
_beng
072 _aH10
_b0150
072 _aH01
100 _aPasini, Mauricio Paulo Batistela
100 _aLúcio, Alessandro Dal’Col
100 _aCargnelutti Filho, Alberto
100 _aRibeiro, Ana Lucia de Paula
100 _aBortolotto, Rafael Pivotto
100 _aZamberlan, João Fernando
245 _aInterpolators in predicting the estimated population density of Oebalus spp
500 _a Publicação online; 26 ref.; 6 tables; 2 illus.; Summaries (En, Pt)
520 _a ABSTRACT: The objective of this study was to compare interpolation methods of ordinary kriging and inverse distance weighted applied to the spatial distribution of Oebalus poecilus and Oebalus ypsinolgriseus population densities in irrigated rice. In two crops, it was generated a grid of 30 x 30 m sampling, termed Area 1 and Area 2 with 39 and 192 sampling units (1 m2, corresponding to 200 rice plants), respectively. Seven evaluations were carried out from sowing to harvesting. In these areas, O. poecilus and O. ypsilongriseus adults were quantified and the sum of each species was used for analysis. Values were submitted to the ordinary kriging interpolation and inverse distance weighted for different semivariogram models, in which the cross-validation technique was used for defining the best interpolator. The ordinary kriging interpolation method showed a better performance than the method of inverse distance weighted applied in the spatial distribution of population density of O. poecilus in rice cultivation. O. ypsilongriseus could not generate estimates for comparison. Key words: dispersion; kriging; Oryza sativa; spatial distribution.
520 _a RESUMO: O objetivo do estudo foi comparar métodos de interpolação de krigagem ordinária e inverso da distância ponderada aplicada à distribuição espacial da densidade populacional de Oebalus poecilus e Oebalus ypsilongriseus em arroz irrigado. Em duas safras foi gerada uma grade de 30 x 30 m de amostragem, denominada Área 1 e Área 2 com 39 e 192 unidades amostrais (1 m2, correspondentes a 200 plantas de arroz), respectivamente. Da semeadura até a colheita foram realizadas sete avaliações. Nessas áreas, os adultos de O. poecilus e O. ypsilongriseus foram quantificados e a soma de cada espécie foi utilizada para análise. Os valores foram submetidos à krigagem ordinária e distância inversa ponderada para diferentes modelos de semivariogramas, sendo utilizada a técnica de validação cruzada para definir o melhor interpolador. O método de krigagem ordinária apresentou melhor desempenho do que o método de distância inversa ponderada aplicada na distribuição espacial da densidade populacional de O. poecilus no cultivo de arroz. O. ypsilongriseus não pôde gerar estimativas para comparação. Palavras-chave: dispersão; krigagem; Oryza sativa; distribuição espacial
650 _aARROZ IRRIGADO
650 _aPRAGA DE PLANTA
650 _aPERCEVEJO
650 _aAMOSTRAGEM
650 _aDEFESA VEGETAL
773 0 _04656
_9361256
_dRecife-PE Universidade Federal Rural de Pernambuco 2006
_o2026-1180
_tRevista Brasileira de Ciências Agrárias (Brazil)
_x1981-1160
_gv. 14(1) p. 1-10; (2019)
_wBR2026000038
856 _uhttp://www.agraria.pro.br/ojs32/index.php/RBCA/article/view/v14i1a5621/259
942 _cANA
999 _c341064
_d341064